会社別大手私鉄の駅乗降客数ランキングWORST10 - Statistics

General Stats
  • This quiz has been taken 375 times
  • The average score is 34 of 150
Answer Stats
鉄道会社 順位 乗降客数 駅名 % Correct
小田急(2021年度) 2 3498 足柄
54%
東急(2021年度) 1 739 恩田
52%
西武(2021年度) 6 495 吾野
51%
小田急(2021年度) 1 3410 南新宿
51%
東急(2021年度) 9 8894 こどもの国
50%
名鉄(2021年度) 1 132 こどもの国
50%
近鉄(2021年度) 1 3 西青山
50%
近鉄(2021年度) 5 31 東青山
47%
西武(2021年度) 1 169 正丸
46%
小田急(2021年度) 6 6813 栢山
45%
京成(2021年度) 1 301 大佐倉
45%
東京メトロ(2021年度) 1 7311 西ケ原
45%
西武(2021年度) 2 247 西吾野
44%
西武(2021年度) 5 360 東吾野
44%
西武(2021年度) 4 316 芦ヶ久保
43%
西武(2021年度) 7 1049 横瀬
43%
相鉄(2021年度) 7 12974 西横浜
43%
京王(2021年度) 1 693 府中競馬正門前
42%
相鉄(2021年度) 1 1904 ゆめが丘
42%
相鉄(2021年度) 2 7595 平沼橋
42%
京成(2021年度) 4 1562 東成田
42%
東京メトロ(2021年度) 3 11997 志茂
41%
西武(2021年度) 9 1896 高麗
40%
小田急(2021年度) 3 5075 螢田
40%
小田急(2021年度) 4 5501 富水
39%
京王(2021年度) 5 4269 山田
38%
京王(2021年度) 7 6586 狭間
38%
相鉄(2021年度) 3 9268 南万騎が原
38%
京王(2021年度) 2 2948 多摩動物公園
37%
相鉄(2021年度) 4 11305 いずみ野
37%
京王(2021年度) 4 4261 京王片倉
36%
京成(2021年度) 6 2340 宗吾参道
35%
西武(2021年度) 3 249 武蔵横手
34%
相鉄(2021年度) 5 12223 相模大塚
34%
相鉄(2021年度) 8 13527 いずみ中央
34%
相鉄(2021年度) 10 14949 かしわ台
34%
京王(2021年度) 9 6860 平山城址公園
33%
小田急(2021年度) 9 8148 はるひ野
31%
相鉄(2021年度) 9 13983 和田町
31%
京王(2021年度) 3 3401 長沼
29%
東急(2021年度) 3 6308 大崎広小路
29%
京急(2021年度) 2 3913 神奈川
29%
東武(2021年度) 8 145 大谷向
28%
小田急(2021年度) 7 7637 黒川
28%
京急(2021年度) 6 5416 津久井浜
28%
東京メトロ(2021年度) 9 15590 中野富士見町
28%
東京メトロ(2021年度) 10 16789 中野新橋
28%
東武(2021年度) 1 50 板荷
27%
東武(2021年度) 2 85 上今市
27%
東武(2021年度) 7 142 鬼怒川公園
27%
西武(2021年度) 10 1924 多摩湖
27%
東急(2021年度) 7 8414 田奈
27%
東急(2021年度) 10 8996 すずかけ台
27%
京急(2021年度) 5 5283 神武寺
27%
京急(2021年度) 9 5922 京急長沢
27%
南海(2021年度) 1 9 紀伊神谷
27%
阪急(2021年度) 1 3156 阪神国道
27%
京王(2021年度) 8 6627 百草園
26%
京急(2021年度) 1 3902 安針塚
26%
小田急(2021年度) 10 8427 五月台
25%
東急(2021年度) 5 7750 下神明
25%
相鉄(2021年度) 6 12490 弥生台
25%
京急(2021年度) 4 4160 京急大津
25%
西武(2021年度) 8 1611 西武園ゆうえんち
24%
京急(2021年度) 3 4063 逸見
24%
京急(2021年度) 7 5693 新大津
24%
京成(2021年度) 3 1176 成田湯川
24%
阪急(2021年度) 2 3582 松尾大社
24%
阪神(2020年度) 9 6403 武庫川団地前
24%
東京メトロ(2021年度) 6 14051 本駒込
23%
東武(2021年度) 6 140 小佐越
21%
京王(2021年度) 6 5804 井の頭公園
21%
南海(2021年度) 5 37 極楽橋
21%
東武(2021年度) 5 140 大桑
20%
東急(2021年度) 2 6022 北千束
20%
南海(2021年度) 3 18 紀伊細川
20%
小田急(2021年度) 8 7983 世田谷代田
19%
東急(2021年度) 4 7060 蓮沼
19%
南海(2021年度) 2 12 上古沢
19%
南海(2021年度) 4 25 下古沢
19%
東急(2021年度) 6 8389 緑が丘
18%
東急(2021年度) 8 8862 沼部
18%
阪急(2021年度) 3 3751 柴島
18%
阪急(2021年度) 9 5893 牧落
18%
阪神(2020年度) 1 1563 洲先
18%
阪神(2020年度) 2 1620 東鳴尾
18%
阪神(2020年度) 3 2428 住吉
18%
阪神(2020年度) 10 7208 大物
18%
小田急(2021年度) 5 6298 東北沢
17%
京急(2021年度) 10 5959 港町
17%
東京メトロ(2021年度) 4 12946 白金台
17%
東京メトロ(2021年度) 5 13537 稲荷町
17%
名鉄(2021年度) 4 242 蒲郡競艇場前
17%
名鉄(2021年度) 7 335 東幡豆
17%
東武(2021年度) 10 171 下小代
16%
京成(2021年度) 7 2485 西登戸
15%
東京メトロ(2021年度) 2 11224 桜田門
15%
南海(2021年度) 6 71 高野下
15%
南海(2021年度) 9 123 木津川
15%
阪急(2021年度) 7 5396 新伊丹
15%
阪急(2021年度) 8 5817 稲野
15%
阪急(2021年度) 10 5976 清荒神
15%
阪神(2020年度) 5 4643 淀川
15%
京王(2021年度) 10 7316 新代田
14%
京成(2021年度) 8 2626 大森台
14%
東京メトロ(2021年度) 7 15016 雑司が谷
14%
名鉄(2021年度) 3 241 御嵩口
14%
阪神(2020年度) 6 4654 西灘
14%
阪神(2020年度) 8 5977 石屋川
14%
東武(2021年度) 9 168 北鹿沼
13%
京成(2021年度) 5 1831 新千葉
13%
南海(2021年度) 7 78 孝子
13%
阪急(2021年度) 4 4669 大山崎
13%
名鉄(2021年度) 6 319 美浜緑苑
12%
近鉄(2021年度) 3 15 五知
12%
京成(2021年度) 2 1113 印旛日本医大
11%
名鉄(2021年度) 5 284 三河鳥羽
11%
近鉄(2021年度) 2 13 沓掛
11%
阪急(2021年度) 6 5150 嵐山
11%
阪神(2020年度) 7 4770 桜川
11%
東武(2021年度) 4 129 多田
10%
名鉄(2021年度) 2 146 顔戸
10%
阪急(2021年度) 5 5032 崇禅寺
10%
阪神(2020年度) 4 3888 久寿川
10%
東武(2021年度) 3 103 田島
9%
京急(2021年度) 8 5894 花月総持寺
9%
近鉄(2021年度) 6 31 白木
9%
西鉄(2021年度) 5 166 矢加部
9%
近鉄(2021年度) 7 35 伊勢石橋
8%
近鉄(2021年度) 8 39 上之郷
8%
南海(2021年度) 10 163 千早口
8%
西鉄(2021年度) 2 98 馬田
8%
西鉄(2021年度) 7 276 江の浦
8%
近鉄(2021年度) 10 77 朝熊
7%
南海(2021年度) 8 92 磯ノ浦
7%
西鉄(2021年度) 3 148 徳益
7%
西鉄(2021年度) 6 269 西鉄渡瀬
7%
東京メトロ(2021年度) 8 15535 上野広小路
6%
近鉄(2021年度) 4 27 穴川
6%
西鉄(2021年度) 1 89 上浦
6%
西鉄(2021年度) 9 317 東甘木
6%
西鉄(2021年度) 10 329 塩塚
6%
京成(2021年度) 9 2919 東松戸
5%
京成(2021年度) 10 3168 京成中山
5%
近鉄(2021年度) 9 55 薬水
5%
西鉄(2021年度) 4 159 味坂
5%
西鉄(2021年度) 8 302 大堰
4%
名鉄(2021年度) 8 337 堀内公園
3%
名鉄(2021年度) 9 341 市民公園前
3%
名鉄(2021年度) 10 353 日長
2%
No matching quizzes found
Score Distribution
Percent of People with Each Score
Percentile by Number Answered
Your Score History
You have not taken this quiz